<?xml version="1.0" encoding="UTF-8"?>
<record
    xmlns:xsi="http://www.w3.org/2001/XMLSchema-instance"
    xsi:schemaLocation="http://www.loc.gov/MARC21/slim http://www.loc.gov/standards/marcxml/schema/MARC21slim.xsd"
    xmlns="http://www.loc.gov/MARC21/slim">

  <leader>00951nam a2200217Ia 4500</leader>
  <controlfield tag="003">IN-BaIIA</controlfield>
  <controlfield tag="008">211028s9999    xx            000 0 eng d</controlfield>
  <datafield tag="040" ind1=" " ind2=" ">
    <subfield code="c">IIA Library</subfield>
  </datafield>
  <datafield tag="080" ind1=" " ind2=" ">
    <subfield code="a">524.6-36</subfield>
    <subfield code="b">NASA</subfield>
  </datafield>
  <datafield tag="111" ind1=" " ind2=" ">
    <subfield code="a">Meeting on Carbon in the Galaxy-Studies from Earth and Space</subfield>
    <subfield code="c">California</subfield>
    <subfield code="d">1987 Nov. 5-6</subfield>
    <subfield code="9">22248</subfield>
  </datafield>
  <datafield tag="245" ind1=" " ind2="0">
    <subfield code="a">Carbon in the galaxy-studies from earth and space</subfield>
    <subfield code="b">Invited papers from a meeting held in Moffett Field, California, November 5-6, 1987</subfield>
    <subfield code="c">edited by Jill C. Tarter, Sherwood Chang and Doug J. Defrees                                           </subfield>
  </datafield>
  <datafield tag="260" ind1=" " ind2=" ">
    <subfield code="a">USA</subfield>
    <subfield code="b">National Aeronautics and Space Administration</subfield>
    <subfield code="c">1990</subfield>
  </datafield>
  <datafield tag="300" ind1=" " ind2=" ">
    <subfield code="a">xviii, 343p.</subfield>
  </datafield>
  <datafield tag="490" ind1=" " ind2=" ">
    <subfield code="a">NASA conference publication; 3061</subfield>
  </datafield>
  <datafield tag="650" ind1=" " ind2=" ">
    <subfield code="a">Carbon compounds</subfield>
    <subfield code="9">22249</subfield>
  </datafield>
  <datafield tag="650" ind1=" " ind2=" ">
    <subfield code="a">Galaxy</subfield>
    <subfield code="9">3368</subfield>
  </datafield>
  <datafield tag="700" ind1=" " ind2=" ">
    <subfield code="a">Chang, Sherwood, ed.</subfield>
    <subfield code="9">22250</subfield>
  </datafield>
  <datafield tag="700" ind1=" " ind2=" ">
    <subfield code="a">Defrees, Doug J., ed.</subfield>
    <subfield code="9">22251</subfield>
  </datafield>
  <datafield tag="710" ind1=" " ind2=" ">
    <subfield code="a">National Aeronautics Space Administration  </subfield>
    <subfield code="9">22252</subfield>
  </datafield>
  <datafield tag="942" ind1=" " ind2=" ">
    <subfield code="c">BK</subfield>
  </datafield>
  <datafield tag="999" ind1=" " ind2=" ">
    <subfield code="c">12706</subfield>
    <subfield code="d">12706</subfield>
  </datafield>
  <datafield tag="952" ind1=" " ind2=" ">
    <subfield code="0">0</subfield>
    <subfield code="1">0</subfield>
    <subfield code="4">0</subfield>
    <subfield code="7">0</subfield>
    <subfield code="a">BAN</subfield>
    <subfield code="b">BAN</subfield>
    <subfield code="c">GEN</subfield>
    <subfield code="d">1998-10-08</subfield>
    <subfield code="l">0</subfield>
    <subfield code="o">524.6-36/ NASA</subfield>
    <subfield code="p">13623</subfield>
    <subfield code="r">2021-11-05</subfield>
    <subfield code="w">1998-10-08</subfield>
    <subfield code="y">BK</subfield>
  </datafield>
</record>
